000 00324 a2200109 4500
001 ART_30616
005 20260410162002.0
008 260409a
245 1 0 _aUn material conservador de energía
100 1 _aRodríguez Vidal, Raúl
773 0 _tForo económico
_g- Año III, Nº 4 (mayo 1997)
_wREV30369
999 _c31420
_d31420